Movies Quiz

Random Movies or Oscar Quiz

Oscars: Best Animated Picture Quiz Stats

 Plays Quiz not verified by Sporcle

Challenge
Share
Tweet
Embed
Score 0/13 Timer 03:00
0 Plays Today
Year Movie % Correct
2010Toy Story 3
87.8%
2009Up
81.7%
2004The Incredibles
80.5%
2013Frozen
80.5%
2008WALL-E
79.3%
2001Shrek
78%
2003Finding Nemo
76.8%
2007Ratatouille
73.2%
2012Brave
70.7%
2002Spirited Away
59.8%
2006Happy feet
50%
2011Rango
39%
2005Wallace & Gromit: The Curse of the Were-Rabbit
30.5%

You're not logged in!

Compare scores with friends on all Sporcle quizzes.
Join for Free
OR
Log In

You Might Also Like...

Show Comments

Extras

Created Apr 3, 2014ReportNominate
Tags:Oscar Quiz

Top Quizzes Today


Score Distribution

Your Account Isn't Verified!

In order to create a playlist on Sporcle, you need to verify the email address you used during registration. Go to your Sporcle Settings to finish the process.

Report this User

Report this user for behavior that violates our Community Guidelines.

Details: